000 00264nam a2200109Ia 4500
008 201231s9999 xx 000 0 und d
100 _aHMSO
245 0 _aCode of Safe working practices for merchant seamen
260 _aLondon
_bHMSO
300 _a---
942 _cBK
999 _c10310
_d10310